| 000 | 01345nam a2200349 i 4500 | ||
|---|---|---|---|
| 003 | EG-GICUC | ||
| 005 | 20260310131727.0 | ||
| 008 | 260122s2022 ua |||fr|||| 00| 0 ara d | ||
| 017 | _a16369/2021 | ||
| 020 | _a9789777539326 | ||
| 040 |
_a EG-GICUC _bara _c EG-GICUC _d EG-GICUC _erda |
||
| 041 | 0 | _aAra | |
| 082 | 0 | 4 |
_221 _a343.83 _bر ض . ت |
| 092 | 0 | 4 | _221 |
| 099 | _aLaw1 10 343.83 ر ض . ت 2022 | ||
| 100 | 0 |
_aرضا البسطويسي أبو الحسن _eمؤلف. |
|
| 245 | 1 | 2 |
_aالتطور الطبى وأثره فى الحد من الجريمة أو زيادتها : _bدراسة فقهية مقارنة / _cتأليف الدكتور رضا البسطويسي أبو الحسن. |
| 250 | _aالطبعة الأولى | ||
| 264 | 1 |
_aالإسكندرية : _bمكتبة الوفاء القانونية، _c2022. |
|
| 300 |
_a368 صفحة؛ _c24 سم. |
||
| 336 |
_2rda content _atext |
||
| 337 |
_2rda media _aComputer |
||
| 338 |
_2rda carrier _aOnline Resource |
||
| 504 | _aببليوجرافيا: صفحات336-357. | ||
| 546 | _aالنص باللغة العربية | ||
| 650 | 1 |
_aعلم الطب الشرعى _2qrmak |
|
| 650 | 1 |
_aالقانون الجنائى _2qrmak |
|
| 651 | 1 | _2qrmak | |
| 856 | 4 | 0 | _uhttps://fll.law.cu.edu.eg/fulltext/bks/B10-07847.pdf |
| 905 |
_a54 _eYara |
||
| 942 |
_2ddc _cBK _e21 _n0 |
||
| 999 |
_c58586 _d58586 |
||